000
00313nam a22001337a 4500
008
180208b xxu||||| |||| 00| 0 eng d
020
_a
9780781738088
041
_a
eng
080
_2
4th
_a
610.73
100
_a
2
101
_a
INF
245
_a
Nursing for wellness in older alduts
_c
Miller,C.A
942
_2
udc
_c
BK
999
_c
42148
_d
42148